| 000 | 00327nam a22001457a 4500 | ||
|---|---|---|---|
| 003 | NUST | ||
| 038 | _aKhadija | ||
| 082 |
_a358.40095 _bSIN |
||
| 100 |
_aSingh Pushpindar _990994 |
||
| 245 |
_aFIZA'YA / _cPushpindar Singh |
||
| 260 |
_akarachi _bkifayat publishers _c1991 |
||
| 300 | _ap207 | ||
| 563 | _aHB | ||
| 942 |
_2ddc _cBK |
||
| 999 |
_c589189 _d589189 |
||